Guess the F1 Driver by Number - Statistics

General Stats
  • This quiz has been taken 38 times
  • The average score is 24 of 42
Answer Stats
Number Driver % Correct
33 Max Verstappen
94%
5 Sebastian Vettel | Gabriel Bortoleto
94%
4 Max Chilton | Lando Norris
91%
14 Fernando Alonso
88%
44 Lewis Hamilton
88%
55 Carlos Sainz Jr.
84%
16 Charles Leclerc
84%
3 Daniel Ricciardo
84%
63 George Russell
84%
22 Jenson Button | Yuki Tsunoda
84%
7 Kimi Räikkönen | Jack Doohan
84%
6 Nico Rosberg | Nicholas Latifi | Isack Hadjar
84%
81 Oscar Piastri
84%
12 Felipe Nasr | Andrea Kimi Antonelli
81%
23 Alexander Albon
78%
27 Nico Hülkenberg
78%
11 Sergio Pérez
78%
31 Esteban Ocon
75%
10 Kamui Kobayashi | Pierre Gasly
75%
77 Valtteri Bottas
75%
87 Oliver Bearman
72%
30 Jolyon Palmer | Liam Lawson
69%
18 Lance Stroll
69%
43 Franco Colapinto
66%
2 Stoffel Vandoorne | Logan Sargeant
66%
47 Mick Schumacher
47%
9 Marcus Ericsson | Nikita Mazepin
44%
8 Romain Grosjean
44%
24 Guanyu Zhou
41%
20 Kevin Magnussen
41%
99 Antonio Giovinazzi | Adrian Sutil
31%
19 Felipe Massa
31%
26 Daniil Kvyat
28%
21 Esteban Gutiérrez | Nyck de Vries
22%
88 Rio Haryanto | Robert Kubica
22%
13 Pastor Maldonado
16%
25 Jean‑Éric Vergne
13%
28 Will Stevens | Brendon Hartley
13%
35 Sergey Sirotkin
9%
53 Alexander Rossi
6%
94 Pascal Wehrlein
6%
98 Roberto Merhi
3%
No matching quizzes found
Score Distribution
Percent of People with Each Score
Percentile by Number Answered
Your Score History
You have not taken this quiz